| 000 | 00615nam a22002057a 4500 | ||
|---|---|---|---|
| 003 | OSt | ||
| 005 | 20150408113914.0 | ||
| 008 | 110826s 2009jo a g |||| 00| 0 eng d | ||
| 020 | _a9789957117597 | ||
| 040 | _cدار اجنادين | ||
| 082 |
_221 _a005.133 _bS N C |
||
| 100 |
_aSalman, Nassir H.. _93323 |
||
| 245 |
_aC++ Programming with 469 Solved Problems / _cNassir H. Salman. |
||
| 250 | _a1st ed. | ||
| 260 |
_aAmman, Jordan : _bDarwael, _c2009 |
||
| 300 |
_a569 p . : _bill. ; _c24 cm + _e1 CD-ROM (4 /3/4 in) |
||
| 650 |
_aComputers. _93300 |
||
| 650 |
_aComputer Programming. _93314 |
||
| 942 |
_2ddc _cDVD |
||
| 999 |
_c13833 _d248333 |
||